Export - trvalá črta ekonomiky Len desatina podnikov má záujem o perspektívny ruský trh
Obchodná bilancia Slovenska s Ruskom. Príčiny poklesu záujmu o ruský trh. Nedostatočné informácie o sfére mikroekonomiky v Rusku. Niekoľko rád podnikateľom pred vstupom na ruský trh. Kúpyschopnosť obyvateľstva východných krajín. Situácia na ruskom trhu. Perspektívy ruského trhu.
Salvato in:
| Autore principale: | |
|---|---|
| Natura: | Capitolo di libro |
| Lingua: | slovacco |
| Soggetti: | |
| Tags: |
Nessun Tag, puoi essere il primo ad aggiungerne!!
|
MARC
| LEADER | 00000naa a2200000 4500 | ||
|---|---|---|---|
| 001 | r016523 | ||
| 005 | 20221213114057.6 | ||
| 041 | 0 | |a slo | |
| 044 | |a SK | ||
| 245 | 1 | 0 | |a Export - trvalá črta ekonomiky |b Len desatina podnikov má záujem o perspektívny ruský trh |c O. Schneider |
| 520 | |a Obchodná bilancia Slovenska s Ruskom. Príčiny poklesu záujmu o ruský trh. Nedostatočné informácie o sfére mikroekonomiky v Rusku. Niekoľko rád podnikateľom pred vstupom na ruský trh. Kúpyschopnosť obyvateľstva východných krajín. Situácia na ruskom trhu. Perspektívy ruského trhu. | ||
| 610 | 2 | 0 | |a bilancia obchodná |
| 610 | 2 | 0 | |a Slovensko |
| 610 | 2 | 0 | |a Rusko |
| 610 | 2 | 0 | |a vývoz |
| 610 | 2 | 0 | |a obchod zahraničný |
| 610 | 2 | 0 | |a podnikatelia |
| 610 | 2 | 0 | |a trh zahraničný |
| 610 | 2 | 0 | |a informácie obchodno-ekonomické |
| 100 | 1 | |a Schneider, O. | |